Normal view
MARC view
- Lyle K. Moulton
Entry Personal Name
001 - CONTROL NUMBER
- control field: 26741
003 - CONTROL NUMBER IDENTIFIER
- control field: NUST
005 - DATE AND TIME OF LATEST TRANSACTION
- control field: 20191211122027.0
008 - FIXED-LENGTH DATA ELEMENTS
- fixed length control field: 191211|| aca||aabn | a|a d
040 ## - CATALOGING SOURCE
- Original cataloging agency: NUST
- Transcribing agency: NUST
100 ## - HEADING--PERSONAL NAME
- Personal name: Lyle K. Moulton
670 ## - SOURCE DATA FOUND
- Source citation: Work cat.: (NUST): Lyle K. Moulton, Highway Sub-drainage Design, c1980
